1317 1904 1803 1184 1998 1763 1670 1165 1795 1981 1753 1787 1259 1179 1299 1388 1616 1565 1533 1132 1521 1455 1609 1516 1245 1530 1613 1643 1013 1374 1412 1929 1054 1448 1243 1117 1476 1954 1192 1489 1967 1435 1334 1451 1900 1659 1588 1340 1081 1229 1368 1087 1919 1930 1512 1549 1436 1057 1060 1117 1333 1271 1364 1563 1399 1770 1139 1612 1900 1169 1959 1890 1701 1165 1455 1722 1059 1709 1604 1871 1064 1770 1498 1261 1923 1810 1148 1276 1646 1611 1725 1888 1324 1209 1868 1932 1720 1136 1082 BCNSPRNW ULIB Ver.6.0+V

เปลี่ยนเป็นภาษาไทย

Change to English
 แสดงรายละเอียดบรรณานุกรม
  กลับหน้าหลัก

Brief Record : Get Marc (ISO 2709) : E-mail record : QR code < ปิดหน้าต่าง
LEADER : 00000nam 2200000uu 4500
001    13399126144
003     ULIB
008    180612s||||||||th 000 0 tha d
020    ^a9786164404373
060    ^aWY200^bจ482ก
100    ^aจินตนา วัชรสินธุ์
245    ^aการพยาบาลครอบครัวที่มีสมาชิกเจ็บป่วยเรื้อรัง
250    ^aพิมพ์ครั้งที่ 1
260    ^aชลบุรี :^bชลบุรีการพิมพ์,^c2560
300    ^a139 หน้า ;^c27 ซม.
500    ^a225 บาท
650    ^aการพยาบาลครอบครัว
650    ^aรูปแบบการบำบัดการพยาบาลครอบครัว
650    ^aการเจ็บป่วยเรื้อรัง
945    ^p225^l0^i26118
945    ^p225^l0^i26119
945    ^p225^l0^i26120
945    ^p225^l0^i26121
945    ^p225^l0^i26122
945    ^p225^l0^i26123
945    ^p225^l0^i26124
945    ^p225^l0^i26125
945    ^p225^l0^i26126
945    ^p225^l0^i26127
999    ^aกัณชพร จุลอักษร
รายการนี้ยังไม่มีแท็ก
คุณยังไม่ได้ล็อกอิน คุณสามารถมีกิจกรรมร่วมกับเว็บไซต์ได้ แต่ต้องล็อกอินก่อน ::
  ล็อกอิน

รายการสื่อสารสนเทศ

ลำดับที่ ประเภท เลขเรียก/บาร์โค้ด สถานที่ สถานะ
1. หนังสือสำรอง
หนังสือสำรอง
WY200 จ482ก ฉ.1 
  Barcode: 26118
ห้องสมุดวิทยาเขตนครสวรรค์
►หนังสือทั่วไป:l:General Books
บนชั้น
2. วิทยาศาสตร์การแพทย์ และสุขภาพ
วิทยาศาสตร์การแพทย์ และสุขภาพ
WY200 จ482ก ฉ.10 
  Barcode: 26127
ห้องสมุดวิทยาเขตนครสวรรค์
►หนังสือทั่วไป:l:General Books
บนชั้น
3. วิทยาศาสตร์การแพทย์ และสุขภาพ
วิทยาศาสตร์การแพทย์ และสุขภาพ
WY200 จ482ก ฉ.2 
  Barcode: 26119
ห้องสมุดวิทยาเขตนครสวรรค์
►หนังสือทั่วไป:l:General Books
บนชั้น
4. วิทยาศาสตร์การแพทย์ และสุขภาพ
วิทยาศาสตร์การแพทย์ และสุขภาพ
WY200 จ482ก ฉ.3 
  Barcode: 26120
ห้องสมุดวิทยาเขตนครสวรรค์
►หนังสือทั่วไป:l:General Books
บนชั้น
5. วิทยาศาสตร์การแพทย์ และสุขภาพ
วิทยาศาสตร์การแพทย์ และสุขภาพ
WY200 จ482ก ฉ.4 
  Barcode: 26121
ห้องสมุดวิทยาเขตนครสวรรค์
►หนังสือทั่วไป:l:General Books
บนชั้น
6. วิทยาศาสตร์การแพทย์ และสุขภาพ
วิทยาศาสตร์การแพทย์ และสุขภาพ
WY200 จ482ก ฉ.5 
  Barcode: 26122
ห้องสมุดวิทยาเขตนครสวรรค์
►หนังสือทั่วไป:l:General Books
บนชั้น
7. วิทยาศาสตร์การแพทย์ และสุขภาพ
วิทยาศาสตร์การแพทย์ และสุขภาพ
WY200 จ482ก ฉ.6 
  Barcode: 26123
ห้องสมุดวิทยาเขตนครสวรรค์
►หนังสือทั่วไป:l:General Books
บนชั้น
8. วิทยาศาสตร์การแพทย์ และสุขภาพ
วิทยาศาสตร์การแพทย์ และสุขภาพ
WY200 จ482ก ฉ.7 
  Barcode: 26124
ห้องสมุดวิทยาเขตนครสวรรค์
►หนังสือทั่วไป:l:General Books
บนชั้น
9. วิทยาศาสตร์การแพทย์ และสุขภาพ
วิทยาศาสตร์การแพทย์ และสุขภาพ
WY200 จ482ก ฉ.8 
  Barcode: 26125
ห้องสมุดวิทยาเขตนครสวรรค์
►หนังสือทั่วไป:l:General Books
บนชั้น
10. วิทยาศาสตร์การแพทย์ และสุขภาพ
วิทยาศาสตร์การแพทย์ และสุขภาพ
WY200 จ482ก ฉ.9 
  Barcode: 26126
ห้องสมุดวิทยาเขตนครสวรรค์
►หนังสือทั่วไป:l:General Books
บนชั้น

รายการใกล้เคียง
    ชื่อเรื่อง [การพยาบาลครอบครัวที่มีสมาชิกเจ็บป่วยเรื้อรัง]

    ผู้แต่ง [จินตนา วัชรสินธุ์]

    หัวเรื่อง [การพยาบาลครอบครัว]
    หัวเรื่อง [รูปแบบการบำบัดการพยาบาลครอบครัว]
    หัวเรื่อง [การเจ็บป่วยเรื้อรัง]

BibComment


ยังไม่เคยถูกคอมเมนท์

คอมเมนท์ทรัพยากรรายการนี้
  คอมเมนท์: การพยาบาลครอบครั..


 Copyright 2026. Bcnsprnw @Library